Mauvaises blagues #5 - Trouvez les titres de films - Statistiques

Statistiques générales
  • Ce quiz a été pris 20 fois
  • Le résultat moyen est 3 sur 12
Statistiques - réponses
Hint Réponse % Correct
Machine jaune + Machine rouge Orange Mécanique
72%
Echoua remue Ratatouille
44%
L'amour ? Très peu La haine
33%
Finit Zeus stockholmois Terminator
33%
Mardiiiiiiiiiiiiiiiiiiiiiiiiiiiiiiiiiiii..... etc Un jour sans fin
33%
Accumulation des caparaçons Amadeus
17%
Argent d'un mec comme Usain Bolt Blade runner
17%
.PLE E.....I.D A Le cercle des poètes disparus
17%
La mamelle qui adore un lac suisse Le Cinquième Element
17%
Le CD matraque majesté Le Discours d'un roi
17%
Mon crampon d'une taille inférieure à la moyenne : quel artéfact divin ! Monty Python : Sacré Graal !
17%
Bob : "Tiens, voilà contre" Stephen : "Tiens, voilà contre" →→→ Jimmy : "Tiens, voilà contre" ←←← Rencontre du troisième type
17%
Aucun quiz correspondant
Distribution des résultats
% des personnes avec chaque résultat
Percentile par nombre de réponses
Votre historique - résultats
Vous n’avez pas pris ce quiz